[Event "Madrid 2023-2024ch - Previa A"]
[Site "Madrid ESP"]
[Date "2024.02.13"]
[Round "4.35"]
[White "Peiro Guevara, Hector"]
[Black "de Villota Borrego, Pablo"]
[Result "1-0"]
[WhiteElo "1460"]
[BlackElo "1034"]
[PlyCount "51"]
[EventDate "2024.02.05"]
[EventType "swiss"]
[EventRounds "9"]
[EventCountry "ESP"]
[SourceTitle "Ajedrez en Madrid"]
[Source "lmi"]
[SourceDate "2024.02.06"]
[SourceVersion "1"]
[SourceVersionDate "2024.03.02"]
[SourceQuality "1"]

1. b3 d6 2. Bb2 e5 3. e3 a6 4. f4 Nc6 5. Nf3 Bg4 6. Be2 Bxf3 7. Bxf3 Nge7 8. d3
Qd7 9. Nd2 Nf5 10. Bg4 Nxe3 11. Bxd7+ Kxd7 12. Qf3 Nxc2+ 13. Kf1 Nxa1 14. Bxa1
f6 15. fxe5 fxe5 16. Qf5+ Ke7 17. Ke2 g6 18. Qg4 Bg7 19. Ne4 Bf6 20. Nxf6 Kxf6
21. Rf1+ Kg7 22. Qd7+ Kh6 23. Bc3 d5 24. Bd2+ g5 25. Rf6+ Kh5 26. Qh3# 1-0

[Event "Madrid 2023-2024ch - Previa A"]
[Site "Madrid ESP"]
[Date "2024.02.14"]
[Round "5.1"]
[White "Ruiz Bellon, Manuel"]
[Black "Jafar Hussain, Yaser"]
[Result "1-0"]
[WhiteElo "1843"]
[BlackElo "1752"]
[PlyCount "67"]
[EventDate "2024.02.05"]
[EventType "swiss"]
[EventRounds "9"]
[EventCountry "ESP"]
[SourceTitle "Ajedrez en Madrid"]
[Source "lmi"]
[SourceDate "2024.02.06"]
[SourceVersion "1"]
[SourceVersionDate "2024.03.02"]
[SourceQuality "1"]

1. Nf3 d6 2. g3 e5 3. d3 g6 4. Bg2 Bg7 5. c4 Nf6 6. Nc3 Nc6 7. e3 Bf5 8. O-O
Qc8 9. Re1 Bg4 10. Qc2 O-O 11. a3 a5 12. Rb1 Re8 13. b4 axb4 14. axb4 e4 15.
dxe4 Nxe4 16. Nxe4 Rxe4 17. b5 Na5 18. Qxe4 Bf5 19. Qd5 Bxb1 20. Bd2 c6 21.
bxc6 bxc6 22. Qxd6 Nxc4 23. Qc5 Bd3 24. Rc1 Bf8 25. Qd4 Nxd2 26. Qxd3 Nxf3+ 27.
Bxf3 Ra6 28. Rb1 Ra3 29. Qc4 c5 30. Rb7 Qf5 31. Bd5 Qh3 32. Bxf7+ Kh8 33. Qc1
c4 34. Bxc4 1-0

[Event "Madrid 2023-2024ch - Previa A"]
[Site "Madrid ESP"]
[Date "2024.02.14"]
[Round "5.2"]
[White "Toledo Aguirre, Gonzalo"]
[Black "Martin Rodriguez, Emilio"]
[Result "0-1"]
[WhiteElo "1824"]
[BlackElo "1964"]
[PlyCount "122"]
[EventDate "2024.02.05"]
[EventType "swiss"]
[EventRounds "9"]
[EventCountry "ESP"]
[SourceTitle "Ajedrez en Madrid"]
[Source "lmi"]
[SourceDate "2024.02.06"]
[SourceVersion "1"]
[SourceVersionDate "2024.03.02"]
[SourceQuality "1"]

1. d4 d5 2. c4 c6 3. cxd5 cxd5 4. Nc3 Nf6 5. Bf4 g6 6. e3 Bg7 7. h3 O-O 8. Bd3
Nc6 9. Nf3 Nd7 10. O-O e5 11. dxe5 Ndxe5 12. Nxe5 Nxe5 13. Be2 Be6 14. Rc1 a6
15. Na4 Nc4 16. b3 Nb2 17. Nxb2 Bxb2 18. Rc2 Bg7 19. Bc7 Qe7 20. Bb6 Rfc8 21.
Rxc8+ Rxc8 22. Qd2 Bc3 23. Qd3 Qb4 24. Ba7 Bg7 25. Rd1 Qa3 26. Bf3 Qa5 27. Rd2
Rc3 28. Qe2 Be5 29. g3 Qc7 30. Bd4 Bxd4 31. Rxd4 Qc5 32. Kg2 Rc2 33. Rd2 Rxd2
34. Qxd2 b5 35. b4 Qc4 36. Be2 Qe4+ 37. Bf3 Bxh3+ 38. Kxh3 Qxf3 39. Kh2 h5 40.
Kg1 Qe4 41. a3 Kh7 42. Qc3 Qe6 43. Qd4 g5 44. Kh2 Qf5 45. Kg1 Kg6 46. Qb6+ Qe6
47. Qd8 Kf5 48. Qh8 Kg4 49. Qd4+ Qe4 50. f3+ Kxf3 51. Qd1+ Kxg3 52. Qe1+ Kg4
53. Qd1+ Qf3 54. Qd4+ Kh3 55. Qd2 Qg4+ 56. Kh1 Qe4+ 57. Kg1 Qb1+ 58. Kf2 Qh1
59. Qd4 Qe4 60. Qf6 g4 61. Qg5 h4 0-1

[Event "Madrid 2023-2024ch - Previa A"]
[Site "Madrid ESP"]
[Date "2024.02.14"]
[Round "5.3"]
[White "Sanchez Rodriguez, Jaime"]
[Black "Blazquez Sanz, Oscar"]
[Result "0-1"]
[WhiteElo "1791"]
[BlackElo "1924"]
[PlyCount "106"]
[EventDate "2024.02.05"]
[EventType "swiss"]
[EventRounds "9"]
[EventCountry "ESP"]
[SourceTitle "Ajedrez en Madrid"]
[Source "lmi"]
[SourceDate "2024.02.06"]
[SourceVersion "1"]
[SourceVersionDate "2024.03.02"]
[SourceQuality "1"]

1. d4 Nf6 2. Bg5 e6 3. Nd2 d5 4. e3 c5 5. c3 Nc6 6. f4 h6 7. Bh4 Be7 8. Bd3 Qc7
9. Nh3 Bd7 10. O-O O-O-O 11. Bg3 Bd6 12. Nf3 Rdg8 13. Ne5 Be8 14. Qf3 Nd7 15.
e4 f6 16. exd5 exd5 17. Nxd7 Bxd7 18. Qxd5 Bxh3 19. gxh3 g5 20. Kh1 Ne7 21.
Qe6+ Kb8 22. dxc5 Qxc5 23. Qxd6+ Qxd6 24. f5 Rd8 25. Rad1 Nc6 26. Bxd6+ Rxd6
27. Bc2 Rhd8 28. Rxd6 Rxd6 29. Rd1 Kc7 30. Kg2 Rxd1 31. Bxd1 Ne7 32. Bc2 Kd6
33. Kg3 Ke5 34. Kg4 Nxf5 35. Bxf5 h5+ 36. Kxh5 Kxf5 37. h4 gxh4 38. Kxh4 Kf4
39. Kh5 f5 40. h4 Ke4 41. Kg6 f4 42. h5 f3 43. h6 f2 44. h7 f1=Q 45. h8=Q Qf5+
46. Kh6 Qh3+ 47. Kg7 Qxh8+ 48. Kxh8 Kd3 49. Kg7 Kc2 50. Kf6 Kxb2 51. c4 Kxa2
52. c5 Kb3 53. Ke5 Kc4 0-1

[Event "Madrid 2023-2024ch - Previa A"]
[Site "Madrid ESP"]
[Date "2024.02.14"]
[Round "5.5"]
[White "Moya Barba, Diego"]
[Black "Vukotic Jovsic, Dragan"]
[Result "1/2-1/2"]
[WhiteElo "1844"]
[BlackElo "1800"]
[PlyCount "25"]
[EventDate "2024.02.05"]
[EventType "swiss"]
[EventRounds "9"]
[EventCountry "ESP"]
[SourceTitle "Ajedrez en Madrid"]
[Source "lmi"]
[SourceDate "2024.02.06"]
[SourceVersion "1"]
[SourceVersionDate "2024.03.02"]
[SourceQuality "1"]

1. d4 d5 2. c4 e6 3. Nf3 Be7 4. Nc3 Nf6 5. Bg5 Nbd7 6. e3 O-O 7. Bd3 dxc4 8.
Bxc4 a6 9. O-O c5 10. Rc1 cxd4 11. exd4 b5 12. Bd3 Bb7 13. Bb1 1/2-1/2

[Event "Madrid 2023-2024ch - Previa A"]
[Site "Madrid ESP"]
[Date "2024.02.14"]
[Round "5.6"]
[White "Rodriguez Del Pino, Daniel"]
[Black "Barahona Torrijos, Angel"]
[Result "1-0"]
[WhiteElo "1841"]
[BlackElo "1717"]
[PlyCount "61"]
[EventDate "2024.02.05"]
[EventType "swiss"]
[EventRounds "9"]
[EventCountry "ESP"]
[SourceTitle "Ajedrez en Madrid"]
[Source "lmi"]
[SourceDate "2024.02.06"]
[SourceVersion "1"]
[SourceVersionDate "2024.03.02"]
[SourceQuality "1"]

1. e4 e5 2. Nf3 Nc6 3. Bc4 Nf6 4. Ng5 d5 5. exd5 b5 6. Bf1 Nd4 7. c3 Nxd5 8.
cxd4 Qxg5 9. Bxb5+ Bd7 10. Bxd7+ Kxd7 11. O-O exd4 12. d3 Nf4 13. g3 Bd6 14.
Bxf4 Bxf4 15. Qa4+ c6 16. Qxd4+ Bd6 17. Nc3 Qe5 18. Qc4 Qf5 19. Rac1 h5 20. Ne4
Qd5 21. Nxd6 Kxd6 22. Qb4+ c5 23. Qf4+ Kd7 24. Rfd1 f6 25. d4 c4 26. b3 Rac8
27. bxc4 Rxc4 28. Rxc4 Qxc4 29. Rc1 Qd5 30. Qc7+ Ke6 31. Rc6+ 1-0

[Event "Madrid 2023-2024ch - Previa A"]
[Site "Madrid ESP"]
[Date "2024.02.14"]
[Round "5.7"]
[White "Calderon Rojo, Borja"]
[Black "Pashov, Spas Nikolov"]
[Result "0-1"]
[WhiteElo "1815"]
[BlackElo "1772"]
[PlyCount "98"]
[EventDate "2024.02.05"]
[EventType "swiss"]
[EventRounds "9"]
[EventCountry "ESP"]
[SourceTitle "Ajedrez en Madrid"]
[Source "lmi"]
[SourceDate "2024.02.06"]
[SourceVersion "1"]
[SourceVersionDate "2024.03.02"]
[SourceQuality "1"]

1. e4 e5 2. Nf3 Nc6 3. Bc4 Bc5 4. d3 d6 5. O-O Nf6 6. c3 O-O 7. a4 a5 8. Nbd2
h6 9. Re1 Be6 10. Nf1 Ng4 11. Re2 d5 12. exd5 Bxd5 13. Bxd5 Qxd5 14. Ne3 Nxe3
15. Bxe3 Rad8 16. Qc2 Rfe8 17. Bxc5 Qxc5 18. Rae1 Kf8 19. d4 exd4 20. Qh7 Rxe2
21. Qh8+ Ke7 22. Rxe2+ Kf6 23. Nd2 Qf5 24. Re8 dxc3 25. Rxd8 cxd2 26. h3 Qb1+
27. Kh2 d1=Q 28. Rxd1 Qxd1 29. Qc8 Qd6+ 30. Kg1 b6 31. g4 Nd4 32. Qb7 g6 33.
Qe4 Qe5 34. Qd3 Ne2+ 35. Kf1 Nf4 36. Qf3 Qe2+ 37. Qxe2 Nxe2 38. Kxe2 Ke5 39.
Ke3 c6 40. f4+ Kd5 41. h4 f5 42. Kf3 h5 43. gxh5 gxh5 44. Ke3 b5 45. b3 bxa4
46. bxa4 Kc4 47. Kd2 c5 48. Ke2 Kb4 49. Kd3 Kb3 0-1

[Event "Madrid 2023-2024ch - Previa A"]
[Site "Madrid ESP"]
[Date "2024.02.14"]
[Round "5.9"]
[White "Vazquez Gonzalez, Jesus"]
[Black "Iribarren Galarza, Aritz"]
[Result "1-0"]
[WhiteElo "1945"]
[BlackElo "1777"]
[PlyCount "59"]
[EventDate "2024.02.05"]
[EventType "swiss"]
[EventRounds "9"]
[EventCountry "ESP"]
[SourceTitle "Ajedrez en Madrid"]
[Source "lmi"]
[SourceDate "2024.02.06"]
[SourceVersion "1"]
[SourceVersionDate "2024.03.02"]
[SourceQuality "1"]

1. e4 c6 2. Nf3 d5 3. Nc3 dxe4 4. Nxe4 Nf6 5. Ng3 Bg4 6. h3 Bxf3 7. Qxf3 e6 8.
Bc4 g6 9. O-O Bg7 10. c3 O-O 11. d4 Nbd7 12. h4 h5 13. Bg5 Qc7 14. Rfe1 Nd5 15.
Re2 b5 16. Bb3 a5 17. Rae1 a4 18. Bc2 b4 19. c4 N5b6 20. Nxh5 Bxd4 21. Bh6 Rfe8
22. Qg4 Nf6 23. Nxf6+ Bxf6 24. h5 Kh7 25. Bf4 e5 26. hxg6+ Kg8 27. gxf7+ Kxf7
28. Qg6+ Kf8 29. Qxf6+ Qf7 30. Bh6+ 1-0

[Event "Madrid 2023-2024ch - Previa A"]
[Site "Madrid ESP"]
[Date "2024.02.14"]
[Round "5.10"]
[White "Lopez de Turiso Sanchez, Jose An"]
[Black "Martin-Buitrago Lopez, Antonio"]
[Result "1-0"]
[WhiteElo "1915"]
[BlackElo "1739"]
[PlyCount "57"]
[EventDate "2024.02.05"]
[EventType "swiss"]
[EventRounds "9"]
[EventCountry "ESP"]
[SourceTitle "Ajedrez en Madrid"]
[Source "lmi"]
[SourceDate "2024.02.06"]
[SourceVersion "1"]
[SourceVersionDate "2024.03.02"]
[SourceQuality "1"]

1. d4 Nf6 2. Nf3 e6 3. e3 c5 4. Bd3 b6 5. Nbd2 d5 6. b3 Bb7 7. Bb2 Bd6 8. O-O
O-O 9. dxc5 Bxc5 10. Ne5 Nc6 11. Ndf3 Bd6 12. Nxc6 Bxc6 13. Ne5 Qc7 14. Nxc6
Qxc6 15. Bxf6 gxf6 16. Qh5 f5 17. Qg5+ Kh8 18. Qf6+ Kg8 19. f4 Rfc8 20. c4 Qc5
21. Rf3 Bxf4 22. Rxf4 Qxe3+ 23. Rf2 Qxd3 24. Rf3 Qe2 25. Rg3+ Kf8 26. Rg7 Qh5
27. cxd5 e5 28. Rg5 Qe2 29. Qd6+ 1-0

[Event "Madrid 2023-2024ch - Previa A"]
[Site "Madrid ESP"]
[Date "2024.02.14"]
[Round "5.11"]
[White "De Vicente Guijarro, Juan"]
[Black "Garcia Galeote, Lorenzo"]
[Result "1-0"]
[WhiteElo "1768"]
[BlackElo "1801"]
[PlyCount "69"]
[EventDate "2024.02.05"]
[EventType "swiss"]
[EventRounds "9"]
[EventCountry "ESP"]
[SourceTitle "Ajedrez en Madrid"]
[Source "lmi"]
[SourceDate "2024.02.06"]
[SourceVersion "1"]
[SourceVersionDate "2024.03.02"]
[SourceQuality "1"]

1. e4 d5 2. exd5 Qxd5 3. Nc3 Qd6 4. d4 Nf6 5. Nf3 Bg4 6. h3 Bh5 7. g4 Bg6 8.
Ne5 Nbd7 9. Nb5 Qb6 10. f4 a6 11. Nxd7 Nxd7 12. Nc3 e6 13. Bg2 O-O-O 14. Qf3
Bxc2 15. O-O Nf6 16. Rf2 Bg6 17. f5 exf5 18. Na4 Qb5 19. Nc3 fxg4 20. hxg4 Qc6
21. d5 Qc4 22. g5 Nd7 23. d6 c6 24. Bf4 f6 25. Bf1 Qc5 26. Rc1 Ne5 27. Qg3 Kb8
28. gxf6 gxf6 29. Ne4 Qxc1 30. Bxc1 Bxe4 31. Rxf6 Bxd6 32. Rxd6 Nf3+ 33. Kf2
Rxd6 34. Qxd6+ Ka8 35. Bg2 1-0

[Event "Madrid 2023-2024ch - Previa A"]
[Site "Madrid ESP"]
[Date "2024.02.14"]
[Round "5.12"]
[White "Marin Lopez, Jeronimo"]
[Black "Diaz Begonte, Manuel"]
[Result "0-1"]
[WhiteElo "1797"]
[BlackElo "1509"]
[PlyCount "112"]
[EventDate "2024.02.05"]
[EventType "swiss"]
[EventRounds "9"]
[EventCountry "ESP"]
[SourceTitle "Ajedrez en Madrid"]
[Source "lmi"]
[SourceDate "2024.02.06"]
[SourceVersion "1"]
[SourceVersionDate "2024.03.02"]
[SourceQuality "1"]

1. e4 d5 2. exd5 Nf6 3. Bb5+ Bd7 4. Bc4 Bg4 5. f3 Bc8 6. Nc3 Nbd7 7. d4 Nb6 8.
b3 Nbxd5 9. Nge2 c6 10. a4 g6 11. Nxd5 Nxd5 12. Nf4 Bg7 13. Nxd5 cxd5 14. Bb5+
Bd7 15. Qd3 O-O 16. Bxd7 Qxd7 17. Be3 Rac8 18. Ra2 e5 19. Kf2 f5 20. dxe5 Bxe5
21. Rd1 Rfd8 22. Bg5 Bxh2 23. Bxd8 Rxd8 24. g3 Qd6 25. f4 Qc5+ 26. Qd4 Qe7 27.
Re1 Bxg3+ 28. Kxg3 Qxe1+ 29. Kf3 Qe4+ 30. Qxe4 dxe4+ 31. Ke3 Kf7 32. a5 Rd6 33.
Ra4 Rc6 34. Rb4 b6 35. Rd4 Ke7 36. axb6 axb6 37. c4 h5 38. Rd5 h4 39. Kf2 Re6
40. Rd1 e3+ 41. Kf3 e2 42. Re1 Kd6 43. b4 Re4 44. Rxe2 Rxc4 45. Rb2 Kd5 46.
Rd2+ Rd4 47. Rb2 Rd3+ 48. Kg2 Ke4 49. Re2+ Re3 50. Rc2 Kxf4 51. Rc6 g5 52. Rxb6
g4 53. Rc6 h3+ 54. Kh2 Kf3 55. Rh6 Re2+ 56. Kg1 Kg3 0-1

[Event "Madrid 2023-2024ch - Previa A"]
[Site "Madrid ESP"]
[Date "2024.02.14"]
[Round "5.13"]
[White "Balsera Gomez, Antonio"]
[Black "Fernandez Garcia, Ignacio"]
[Result "0-1"]
[WhiteElo "1711"]
[BlackElo "1795"]
[PlyCount "74"]
[EventDate "2024.02.05"]
[EventType "swiss"]
[EventRounds "9"]
[EventCountry "ESP"]
[SourceTitle "Ajedrez en Madrid"]
[Source "lmi"]
[SourceDate "2024.02.06"]
[SourceVersion "1"]
[SourceVersionDate "2024.03.02"]
[SourceQuality "1"]

1. e4 d6 2. Nc3 e5 3. f4 exf4 4. Nf3 Bg4 5. d4 g5 6. Bc4 c6 7. a4 Bg7 8. O-O
Nd7 9. h3 Bh5 10. Ne2 Bxf3 11. Rxf3 Ngf6 12. Bd3 d5 13. exd5 Nxd5 14. g3 fxg3
15. c3 g4 16. Rxg3 h5 17. Nf4 Qc7 18. Qe1+ Kf8 19. Nxd5 cxd5 20. Qf2 Nf6 21.
Bf4 Qd7 22. Bf5 Qc6 23. hxg4 hxg4 24. Be5 Re8 25. Rf1 Re7 26. Bxf6 Qxf6 27.
Rxg4 Bh6 28. Qg3 Be3+ 29. Kg2 Qh6 30. Bg6 Bf2 31. Qb8+ Re8 32. Qd6+ Re7 33.
Kxf2 Qd2+ 34. Kf3 Rh3+ 35. Rg3 Qe2+ 36. Kf4 Qxf1+ 37. Kg4 Rxg3+ 0-1

[Event "Madrid 2023-2024ch - Previa A"]
[Site "Madrid ESP"]
[Date "2024.02.14"]
[Round "5.14"]
[White "Diaz Garcia-Heras, Jose J."]
[Black "Moreno Torrero, Javier"]
[Result "0-1"]
[WhiteElo "1697"]
[BlackElo "1879"]
[PlyCount "50"]
[EventDate "2024.02.05"]
[EventType "swiss"]
[EventRounds "9"]
[EventCountry "ESP"]
[SourceTitle "Ajedrez en Madrid"]
[Source "lmi"]
[SourceDate "2024.02.06"]
[SourceVersion "1"]
[SourceVersionDate "2024.03.02"]
[SourceQuality "1"]

1. e4 c5 2. Nf3 Nc6 3. Bc4 e6 4. c3 d5 5. exd5 exd5 6. Bb3 Nf6 7. d4 Bg4 8.
dxc5 Bxc5 9. h3 Qe7+ 10. Qe2 Bxf3 11. Qxe7+ Kxe7 12. gxf3 Rhe8 13. Rg1 Kf8+ 14.
Kf1 Ne5 15. Bg5 Nxf3 16. Rg3 Re1+ 17. Kg2 Nxg5 18. Rxg5 Rae8 19. Bxd5 R8e2 20.
Bxb7 Rxf2+ 21. Kg3 Rg1+ 22. Kh4 Rf4+ 23. Rg4 Nxg4 24. hxg4 Rfxg4+ 25. Kh3 Rg6
0-1

[Event "Madrid 2023-2024ch - Previa A"]
[Site "Madrid ESP"]
[Date "2024.02.14"]
[Round "5.15"]
[White "Lozano Arribas, Carlos"]
[Black "Fernandez Rios, Jose Francisco"]
[Result "1/2-1/2"]
[WhiteElo "1975"]
[BlackElo "1622"]
[PlyCount "60"]
[EventDate "2024.02.05"]
[EventType "swiss"]
[EventRounds "9"]
[EventCountry "ESP"]
[SourceTitle "Ajedrez en Madrid"]
[Source "lmi"]
[SourceDate "2024.02.06"]
[SourceVersion "1"]
[SourceVersionDate "2024.03.02"]
[SourceQuality "1"]

1. Nf3 c5 2. c4 g6 3. g3 Bg7 4. Bg2 Nc6 5. Nc3 d6 6. d3 Bf5 7. h3 Qc8 8. Nd5
Nf6 9. Ne3 Bd7 10. Bd2 O-O 11. Bc3 Rb8 12. h4 a6 13. Rc1 Ng4 14. Nxg4 Bxc3+ 15.
Rxc3 Bxg4 16. O-O b5 17. b3 b4 18. Rc1 Bh3 19. d4 Bxg2 20. Kxg2 cxd4 21. Nxd4
Nxd4 22. Qxd4 Qc5 23. Qxc5 dxc5 24. Rcd1 Rfd8 25. Kf3 e6 26. e3 Kf8 27. g4 h6
28. g5 hxg5 29. hxg5 Ke7 30. Kg2 Ra8 1/2-1/2

[Event "Madrid 2023-2024ch - Previa A"]
[Site "Madrid ESP"]
[Date "2024.02.14"]
[Round "5.16"]
[White "Cabanas Bravo, Juan Andres"]
[Black "Guardiola Sevilla, Antonio"]
[Result "1/2-1/2"]
[WhiteElo "1906"]
[BlackElo "1607"]
[PlyCount "125"]
[EventDate "2024.02.05"]
[EventType "swiss"]
[EventRounds "9"]
[EventCountry "ESP"]
[SourceTitle "Ajedrez en Madrid"]
[Source "lmi"]
[SourceDate "2024.02.06"]
[SourceVersion "1"]
[SourceVersionDate "2024.03.02"]
[SourceQuality "1"]

1. e4 c5 2. Nf3 Nc6 3. d4 cxd4 4. Nxd4 Nf6 5. Nc3 a6 6. Bc4 e6 7. Nxc6 dxc6 8.
Qe2 Be7 9. Bd2 b5 10. Bd3 e5 11. O-O-O Be6 12. Kb1 O-O 13. Bg5 Qa5 14. Bxf6
Bxf6 15. a3 b4 16. axb4 Qxb4 17. Na2 Bxa2+ 18. Kxa2 Rab8 19. c3 Qa5+ 20. Kb1
Rb6 21. b4 c5 22. Qa2 Qxa2+ 23. Kxa2 cxb4 24. cxb4 Rxb4 25. Rb1 Rd4 26. Rb3
Rfd8 27. Rd1 g6 28. f3 a5 29. Kb2 Be7 30. Kc2 Bb4 31. Ra1 Rc8+ 32. Kb2 Rcd8 33.
Kc2 Kg7 34. g3 Kf6 35. h3 h5 36. f4 Ke6 37. Rd1 Rc8+ 38. Kb1 a4 39. Rb2 Rc3 40.
f5+ Kf6 41. Bc2 Bc5 42. Rxd4 Bxd4 43. fxg6 fxg6 44. Bxa4 Rxg3 45. Rh2 Ra3 46.
Ra2 Rxh3 47. Rc2 Re3 48. Bc6 Rc3 49. Rxc3 Bxc3 50. Kc2 Bd4 51. Kd3 Kg5 52. Ke2
h4 53. Kf3 Kh5 54. Bd7 Bc3 55. Be6 Bd2 56. Bd7 Bf4 57. Be6 Kg5 58. Bc8 Kf6 59.
Kg4 g5 60. Kf3 Ke7 61. Ke2 Kd6 62. Kd3 Kc5 63. Kc3 1/2-1/2

[Event "Madrid 2023-2024ch - Previa A"]
[Site "Madrid ESP"]
[Date "2024.02.14"]
[Round "5.17"]
[White "Martin Martin, Luis Vicente"]
[Black "Diaz Ramirez, Jaime"]
[Result "1-0"]
[WhiteElo "1884"]
[BlackElo "1548"]
[PlyCount "71"]
[EventDate "2024.02.05"]
[EventType "swiss"]
[EventRounds "9"]
[EventCountry "ESP"]
[SourceTitle "Ajedrez en Madrid"]
[Source "lmi"]
[SourceDate "2024.02.06"]
[SourceVersion "1"]
[SourceVersionDate "2024.03.02"]
[SourceQuality "1"]

1. d4 d5 2. Bf4 Nf6 3. e3 Bf5 4. c4 e6 5. Nc3 Bd6 6. Bxd6 Qxd6 7. c5 Qe7 8. f4
c6 9. Nf3 h6 10. Be2 Nbd7 11. O-O Ne4 12. Nxe4 Bxe4 13. b4 a6 14. Qe1 O-O 15.
Qc3 Nf6 16. Ne5 Bh7 17. Bf3 Nd7 18. Nxd7 Qxd7 19. a4 Rfb8 20. Be2 Be4 21. b5
axb5 22. axb5 Qe8 23. b6 f6 24. Rxa8 Rxa8 25. Ra1 Kf7 26. Ra7 Rb8 27. Qe1 Kg8
28. Qg3 Qc8 29. f5 Bxf5 30. Qc7 e5 31. dxe5 fxe5 32. Qxe5 Qf8 33. Qf4 Be4 34.
Qc7 Re8 35. Rxb7 Qxc5 36. Qxg7# 1-0

[Event "Madrid 2023-2024ch - Previa A"]
[Site "Madrid ESP"]
[Date "2024.02.14"]
[Round "5.18"]
[White "Alvarez Abejon, Amilcar"]
[Black "Villodre Miranda, Juan Alonso"]
[Result "1-0"]
[WhiteElo "1874"]
[BlackElo "1541"]
[PlyCount "29"]
[EventDate "2024.02.05"]
[EventType "swiss"]
[EventRounds "9"]
[EventCountry "ESP"]
[SourceTitle "Ajedrez en Madrid"]
[Source "lmi"]
[SourceDate "2024.02.06"]
[SourceVersion "1"]
[SourceVersionDate "2024.03.02"]
[SourceQuality "1"]

1. e4 c6 2. d4 d5 3. exd5 cxd5 4. Bd3 Nc6 5. c3 e6 6. Bf4 Bd6 7. Bxd6 Qxd6 8.
Nf3 f5 9. Qe2 Nf6 10. Bxf5 O-O 11. Bc2 Re8 12. Ne5 Nxd4 13. cxd4 Qb4+ 14. Qd2
Qxb2 15. Bxh7+ 1-0

[Event "Madrid 2023-2024ch - Previa A"]
[Site "Madrid ESP"]
[Date "2024.02.14"]
[Round "5.19"]
[White "Mejias Gonzalez, Pedro"]
[Black "Ramirez Bulnes, Joaquin"]
[Result "0-1"]
[WhiteElo "1500"]
[BlackElo "1806"]
[PlyCount "68"]
[EventDate "2024.02.05"]
[EventType "swiss"]
[EventRounds "9"]
[EventCountry "ESP"]
[SourceTitle "Ajedrez en Madrid"]
[Source "lmi"]
[SourceDate "2024.02.06"]
[SourceVersion "1"]
[SourceVersionDate "2024.03.02"]
[SourceQuality "1"]

1. b3 d5 2. Bb2 Bf5 3. Nf3 Nd7 4. d4 c6 5. e3 e6 6. Be2 Bd6 7. O-O Ngf6 8. Nbd2
Rc8 9. c4 O-O 10. c5 Bb8 11. Nh4 Qc7 12. f4 Bg6 13. Nxg6 hxg6 14. Qe1 Nh7 15.
g3 Rfe8 16. Nf3 f6 17. Bd3 Nhf8 18. Qb1 Kf7 19. Nh4 f5 20. Nf3 Nh7 21. Ne5+
Nxe5 22. fxe5 Ng5 23. g4 Qe7 24. Qe1 Rh8 25. Qg3 Rh3 26. Qf4 Rch8 27. Rf2 R8h4
28. Bf1 Ke8 29. Kh1 Rxg4 30. Qxg4 fxg4 31. Bxh3 Nxh3 32. Rg2 Qf7 33. Re1 Qf3
34. Bc1 Bc7 0-1

[Event "Madrid 2023-2024ch - Previa A"]
[Site "Madrid ESP"]
[Date "2024.02.14"]
[Round "5.20"]
[White "Fernandez Aransay, Fernando"]
[Black "Urosa Sanchez, Pablo"]
[Result "1/2-1/2"]
[WhiteElo "1789"]
[BlackElo "1502"]
[PlyCount "108"]
[EventDate "2024.02.05"]
[EventType "swiss"]
[EventRounds "9"]
[EventCountry "ESP"]
[SourceTitle "Ajedrez en Madrid"]
[Source "lmi"]
[SourceDate "2024.02.06"]
[SourceVersion "1"]
[SourceVersionDate "2024.03.02"]
[SourceQuality "1"]

1. e4 c6 2. d4 d5 3. exd5 cxd5 4. Bd3 Nc6 5. c3 Qc7 6. Bg5 Nf6 7. Qc2 Bg4 8.
Nd2 Rc8 9. Rc1 e6 10. Ngf3 Bd6 11. Bxf6 gxf6 12. h3 Bxf3 13. Nxf3 Bf4 14. Rd1
f5 15. O-O O-O 16. g4 fxg4 17. hxg4 Bh6 18. Qe2 Qf4 19. Ne5 Nxe5 20. dxe5 Kh8
21. Kg2 Rg8 22. f3 Rg7 23. Rh1 Rcg8 24. Rh4 Bg5 25. Rh5 h6 26. Rdh1 Rb8 27. Bb1
b5 28. a3 a5 29. Bd3 b4 30. cxb4 axb4 31. a4 b3 32. a5 Rb4 33. Ra1 Ra4 34. Rxa4
Qxa4 35. a6 Rg8 36. Bb5 Qa5 37. Kg3 Qb4 38. Bd3 Rc8 39. Rxg5 hxg5 40. Qh2+ Kg7
41. Qh7+ Kf8 42. Qh8+ Ke7 43. Qxc8 Qe1+ 44. Kg2 Qd2+ 45. Kg3 Qf4+ 46. Kg2 Qd2+
47. Kh3 Qxd3 48. Qb7+ Ke8 49. Kg3 Qe3 50. Qb8+ Ke7 51. Qd6+ Ke8 52. Qb8+ Ke7
53. Qd6+ Ke8 54. Qb8+ Ke7 1/2-1/2

[Event "Madrid 2023-2024ch - Previa A"]
[Site "Madrid ESP"]
[Date "2024.02.14"]
[Round "5.21"]
[White "Sanchez Liso, Juan A"]
[Black "Morgado Manzanedo, Antonio"]
[Result "1/2-1/2"]
[WhiteElo "1507"]
[BlackElo "1722"]
[PlyCount "133"]
[EventDate "2024.02.05"]
[EventType "swiss"]
[EventRounds "9"]
[EventCountry "ESP"]
[SourceTitle "Ajedrez en Madrid"]
[Source "lmi"]
[SourceDate "2024.02.06"]
[SourceVersion "1"]
[SourceVersionDate "2024.03.02"]
[SourceQuality "1"]

1. d4 Nf6 2. Bf4 d5 3. e3 c5 4. Nf3 e6 5. c3 Bd6 6. Ne5 Qb6 7. b3 Nbd7 8. Nd2
Qc7 9. Ndf3 Ne4 10. Rc1 f6 11. Nxd7 Bxd7 12. Bxd6 Qxd6 13. Bd3 cxd4 14. Bxe4
dxe4 15. Nxd4 Qa6 16. Qe2 Qa5 17. O-O Qg5 18. f4 exf3 19. Qxf3 Rc8 20. c4 a6
21. Qf4 Qa5 22. Qf2 e5 23. Nf5 Bxf5 24. Qxf5 O-O 25. Rf2 Rcd8 26. Qc2 Rd7 27.
Rd1 Rfd8 28. Rxd7 Rxd7 29. h3 Qe1+ 30. Rf1 Qxe3+ 31. Qf2 Qd3 32. Re1 Qc3 33.
Re2 Rd1+ 34. Kh2 Rd7 35. Kg1 Qc1+ 36. Kh2 Rd1 37. h4 Rh1+ 38. Kg3 Qc3+ 39. Qf3
Qd4 40. Qd5+ Qxd5 41. cxd5 Rd1 42. Rc2 Rxd5 43. Rc8+ Kf7 44. Rc7+ Kg6 45. Rxb7
a5 46. a4 f5 47. Rb5 Rd3+ 48. Kf2 e4 49. Rxa5 Rxb3 50. Ra7 Rc3 51. a5 f4 52. a6
Ra3 53. Kf1 Kf6 54. h5 h6 55. Ra8 Kg5 56. a7 Kxh5 57. Rf8 Rxa7 58. Rxf4 Re7 59.
Ke2 g5 60. Rf6 g4 61. Ke3 Kg5 62. Rf8 h5 63. g3 Re6 64. Rg8+ Rg6 65. Re8 Kf5
66. Rh8 Kg5 67. Re8 1/2-1/2

[Event "Madrid 2023-2024ch - Previa A"]
[Site "Madrid ESP"]
[Date "2024.02.14"]
[Round "5.23"]
[White "Lopez Heras, Arturo"]
[Black "Martinez Miura, Enrique"]
[Result "1-0"]
[WhiteElo "1702"]
[BlackElo "1495"]
[PlyCount "59"]
[EventDate "2024.02.05"]
[EventType "swiss"]
[EventRounds "9"]
[EventCountry "ESP"]
[SourceTitle "Ajedrez en Madrid"]
[Source "lmi"]
[SourceDate "2024.02.06"]
[SourceVersion "1"]
[SourceVersionDate "2024.03.02"]
[SourceQuality "1"]

1. d4 d5 2. c4 e6 3. Nc3 Nf6 4. Bg5 Be7 5. e3 h6 6. Bf4 c6 7. h3 Nbd7 8. Nf3
O-O 9. Bd3 dxc4 10. Bxc4 b5 11. Bd3 Bb7 12. O-O a6 13. Ne4 c5 14. Nxf6+ Nxf6
15. dxc5 Bxc5 16. Rc1 Rc8 17. Qe2 Qb6 18. Be5 Be7 19. Bd4 Qd6 20. Rcd1 Qb8 21.
Ne5 Rfd8 22. f4 Be4 23. Bxe4 Nxe4 24. Qf3 Nf6 25. f5 exf5 26. Nc6 Rxc6 27. Qxc6
Rc8 28. Qf3 Ne4 29. Qxf5 Ng3 30. Qxf7+ 1-0